000 00536nam a2200193Ia 4500
001 55895
008 130103n ii |||gr||||Z||||||465
020 _a8177559869
082 _a891.23
245 0 _aThe Harsacharita of Banabhatta :
_bLibrary of Great Sanskrit Classics /
_cBanabhatta .
_hTextual Documents
250 _aIst ed.
260 _bCosmo Publications
_c2005.
300 _a246pg:
_c23cm.
653 _aSanskrit
653 _aHarsacharita
653 _aG- Sanskrit
700 _aParab , K.P.,
_eEditor.,
942 _2ddc
_cBK
999 _c55819
_d55819